[Event "Basingstoke 4NCL Spring Bank 2nd U2050"]
[Site "Basingstoke"]
[Date "2019.05.24"]
[Round "1"]
[White "Botlik, Bela"]
[Black "McDonnell, James J"]
[Result "1-0"]
[WhiteElo "2029"]
[BlackElo "1815"]
[PlyCount "101"]
[EventDate "2019.05.24"]
[EventType "swiss"]
[EventRounds "7"]
[EventCountry "ENG"]
[SourceTitle "EXT 2020"]
[Source "ChessBase"]
[SourceDate "2019.10.17"]
[SourceVersion "1"]
[SourceVersionDate "2019.10.17"]
[SourceQuality "1"]

1. d4 d5 2. Nc3 Bf5 3. Bf4 c6 4. f3 Nf6 5. g4 Bg6 6. h4 h5 7. g5 Nfd7 8. e3 Nb6 9. Bd3 Bxd3 10. Qxd3 e6 11. Nge2 Na6 12. e4 g6 13. Be5 Rg8 14. exd5 Nb4 15. Qd1 exd5 16. a3 Na6 17. Qd3 Nc4 18. Bf6 Be7 19. b3 Nd6 20. Be5 Qd7 21. Ng3 Qe6 22. Nce2 Nc7 23. Nf4 Qd7 24. 0-0 0-0-0 25. Qc3 Nf5 26. Nxf5 Qxf5 27. Qa5 Bd6 28. Bxd6 Rxd6 29. Ng2 Re6 30. Qd2 Rge8 31. Rf2 a6 32. c4 Kd7 33. Qb4 Kc8 34. Rc1 f6 35. Qd2 Kb8 36. Qf4 fxg5 37. hxg5 Qd3 38. cxd5 R6e7 39. dxc6 b5 40. a4 b4 41. d5 Qxd5 42. Qxb4+ Nb5 43. axb5 axb5 44. Rc5 Re1+ 45. Nxe1 Rxe1+ 46. Qxe1 Qxc5 47. Qe8+ Kc7 48. Qxg6 h4 49. Qh7+ Kb6 50. Qxh4 Qxc6 51. Qh6 1-0

[Event "Budapest Karacsonyi op 10th"]
[Site "Budapest"]
[Date "2018.12.27"]
[Round "1"]
[White "Botlik, Bela"]
[Black "Lakat, Gyula"]
[Result "1/2-1/2"]
[WhiteElo "1988"]
[BlackElo "1763"]
[PlyCount "79"]
[EventDate "2018.12.27"]
[EventType "swiss"]
[EventRounds "7"]
[EventCountry "HUN"]
[SourceTitle "CBM 188 Extra"]
[Source "ChessBase"]
[SourceDate "2019.02.26"]
[SourceVersion "1"]
[SourceVersionDate "2019.02.26"]
[SourceQuality "1"]

1. d4 d5 2. Nc3 Nf6 3. Bf4 c6 4. e3 Bf5 5. f3 e6 6. g4 Bg6 7. h4 h6 8. h5 Bh7 9. Bd3 Bxd3 10. Qxd3 Bd6 11. Nge2 Bxf4 12. Nxf4 Qe7 13. 0-0-0 Na6 14. a3 0-0-0 15. Qe2 Kb8 16. Nd3 Ka8 17. Ne5 Nb8 18. Rdg1 Nfd7 19. Nd3 e5 20. Qd2 Rhe8 21. f4 f6 22. dxe5 fxe5 23. g5 e4 24. Nf2 Nb6 25. gxh6 gxh6 26. Rg6 Nc4 27. Qe2 Qc5 28. Nfd1 Qf8 29. Rhg1 b5 30. Na2 d4 31. Nb4 d3 32. cxd3 exd3 33. Qg2 d2+ 34. Kb1 Qf5+ 35. Ka2 Qf7 36. Ka1 Na5 37. Rg7 Nb3+ 38. Ka2 Nc1+ 39. Ka1 Nb3+ 40. Ka2 1/2-1/2

[Event "Budapest-chT1 Lilienthal 1718"]
[Site "Budapest"]
[Date "2017.12.10"]
[Round "5"]
[White "Botlik, Bela"]
[Black "Monduk, Ferenc"]
[Result "1-0"]
[WhiteElo "1988"]
[BlackElo "1781"]
[PlyCount "69"]
[EventDate "2017.10.01"]
[EventType "team-tourn"]
[EventRounds "13"]
[EventCountry "HUN"]
[SourceTitle "EXT 2021"]
[Source "ChessBase"]
[SourceDate "2020.10.23"]
[SourceVersion "1"]
[SourceVersionDate "2020.10.23"]
[SourceQuality "1"]
[WhiteTeam "Budapest MTK III"]
[BlackTeam "Csepel"]
[WhiteTeamCountry "HUN"]
[BlackTeamCountry "HUN"]

1. e4 e6 2. Qe2 c6 3. c4 d6 4. d4 e5 5. Be3 Nf6 6. Nc3 Be7 7. Nf3 Qc7 8. Qc2 0-0 9. Bd3 Bg4 10. h3 Bh5 11. g4 Bg6 12. 0-0-0 Nbd7 13. Rdg1 d5 14. Nxe5 Nxe5 15. dxe5 dxe4 16. Be2 Nd7 17. h4 f5 18. h5 Be8 19. e6 Nc5 20. gxf5 Rxf5 21. Bg4 Re5 22. Bxc5 Bxc5 23. Nxe4 Bd4 24. Rg3 c5 25. Bf3 Rxe6 26. Ng5 Rh6 27. Bd5+ Kh8 28. Qf5 Bf6 29. f4 Rd8 30. Re3 Qb6 31. Rxe8+ Rxe8 32. Nf7+ Kg8 33. Nxh6+ Kh8 34. Nf7+ Kg8 35. Ne5+ 1-0

[Event "Budapest Karacsonyi op 8th"]
[Site "Budapest"]
[Date "2016.12.29"]
[Round "4"]
[White "Botlik, Bela"]
[Black "Halak, Miklos"]
[Result "0-1"]
[WhiteElo "2028"]
[BlackElo "2140"]
[PlyCount "82"]
[EventDate "2016.12.27"]
[EventType "swiss"]
[EventRounds "7"]
[EventCountry "HUN"]
[SourceTitle "CBM 176 Extra"]
[Source "ChessBase"]
[SourceDate "2017.03.02"]
[SourceVersion "1"]
[SourceVersionDate "2017.03.02"]
[SourceQuality "1"]

1. b3 d5 2. e3 Bf5 3. Bb2 e6 4. Be2 Nf6 5. g4 Be4 6. f3 Nxg4 7. h4 Bd6 8. Rh3 Bg3+ 9. Kf1 Nf2 10. Qe1 Nxh3 11. Qxg3 Nxg1 12. Qxg7 Rf8 13. Ba3 Nd7 14. fxe4 Nxe2 15. Bxf8 Qxh4 16. Kxe2 Qh5+ 17. Kf2 Nxf8 18. exd5 Qxd5 19. Nc3 Qxd2+ 20. Kf3 Qxc2 21. Rd1 Qf5+ 22. Ke2 Qh5+ 23. Kf2 Qh4+ 24. Ke2 Rd8 25. Rxd8+ Qxd8 26. Ne4 Kd7 27. Qxf7+ Kc8 28. Nc5 b6 29. Na6 Kb7 30. Nxc7 Qxc7 31. Qxf8 Qc2+ 32. Kf3 Qf5+ 33. Qxf5 exf5 34. Kf4 Kc6 35. Kxf5 Kd7 36. Kf6 Ke8 37. b4 b5 38. Ke6 h5 39. Kf5 Kd7 40. Kg5 Ke6 41. Kxh5 Kf5 0-1

[Event "Budapest Karacsonyi op 8th"]
[Site "Budapest"]
[Date "2016.12.28"]
[Round "3"]
[White "Kovolgyi, Krisztian"]
[Black "Botlik, Bela"]
[Result "0-1"]
[WhiteElo "1685"]
[BlackElo "2028"]
[PlyCount "74"]
[EventDate "2016.12.27"]
[EventType "swiss"]
[EventRounds "7"]
[EventCountry "HUN"]
[SourceTitle "CBM 176 Extra"]
[Source "ChessBase"]
[SourceDate "2017.03.02"]
[SourceVersion "1"]
[SourceVersionDate "2017.03.02"]
[SourceQuality "1"]

1. e4 d5 2. exd5 Nf6 3. d4 Bg4 4. Nf3 Qxd5 5. Be2 Nc6 6. Nc3 Qh5 7. h3 0-0-0 8. 0-0 Nxd4 9. Nxd4 Bxe2 10. Qxe2 Rxd4 11. Qxh5 Nxh5 12. Nb5 Rd5 13. Nxa7+ Kb8 14. Be3 c6 15. Rfd1 e6 16. c4 Rxd1+ 17. Rxd1 Be7 18. a4 Rd8 19. Rxd8+ Bxd8 20. b4 Kc7 21. b5 Kd7 22. b6 e5 23. a5 Nf4 24. Bxf4 exf4 25. Kf1 Kd6 26. Ke2 Kc5 27. Kd3 f5 28. f3 g6 29. Nc8 Bf6 30. Na7 Be5 31. Nc8 Kb4 32. Ne7 Kxa5 33. Ng8 Kxb6 34. h4 Kc7 35. h5 Kd7 36. hxg6 hxg6 37. Nh6 Ke7 0-1